<?xml version="1.0" encoding="UTF-8"?>
<record
    xmlns:xsi="http://www.w3.org/2001/XMLSchema-instance"
    xsi:schemaLocation="http://www.loc.gov/MARC21/slim http://www.loc.gov/standards/marcxml/schema/MARC21slim.xsd"
    xmlns="http://www.loc.gov/MARC21/slim">

  <leader>01949nam a22002537a 4500</leader>
  <controlfield tag="003">OSt</controlfield>
  <controlfield tag="005">20260427103721.0</controlfield>
  <controlfield tag="008">260427b        |||||||| |||| 00| 0 SPA d</controlfield>
  <datafield tag="020" ind1=" " ind2=" ">
    <subfield code="a">9789500696616</subfield>
  </datafield>
  <datafield tag="082" ind1=" " ind2=" ">
    <subfield code="2">9789500696616</subfield>
  </datafield>
  <datafield tag="100" ind1=" " ind2=" ">
    <subfield code="a">Horacio A. Argente y Marcelo E. &#xC1;lvarez.</subfield>
  </datafield>
  <datafield tag="245" ind1=" " ind2=" ">
    <subfield code="a">Semiolog&#xED;a M&#xE9;dica</subfield>
    <subfield code="b">Fisiopatolog&#xED;a, Semiotecnia y Proped&#xE9;utica. Ense&#xF1;anza-aprendizaje centrada en la persona</subfield>
  </datafield>
  <datafield tag="250" ind1=" " ind2=" ">
    <subfield code="a">3&#xAA; edici&#xF3;n. </subfield>
  </datafield>
  <datafield tag="260" ind1=" " ind2=" ">
    <subfield code="a"> Buenos Aires, Argentina</subfield>
    <subfield code="b">Editorial M&#xE9;dica Panamericana</subfield>
    <subfield code="c"> 2021</subfield>
  </datafield>
  <datafield tag="300" ind1=" " ind2=" ">
    <subfield code="a">1760 p&#xE1;g</subfield>
    <subfield code="b">Tapa dura (carton&#xE9;).</subfield>
    <subfield code="c">20.5 cm x 28 cm </subfield>
  </datafield>
  <datafield tag="490" ind1=" " ind2=" ">
    <subfield code="3">TAPA DURA </subfield>
  </datafield>
  <datafield tag="520" ind1=" " ind2=" ">
    <subfield code="a">El objetivo primordial de esta obra consiste en proporcionar un marco te&#xF3;rico y pr&#xE1;ctico integral para el proceso de ense&#xF1;anza-aprendizaje de la medicina, fundamentado en un paradigma centrado en la persona. El texto se propone amalgamar la semiotecnia, la proped&#xE9;utica y la fisiopatolog&#xED;a como los pilares esenciales sobre los cuales se construye un diagn&#xF3;stico cl&#xED;nico preciso y humano. Mediante su propuesta pedag&#xF3;gica, el libro busca revalorizar el v&#xED;nculo m&#xE9;dico-paciente y fomentar el desarrollo de un razonamiento cl&#xED;nico &#xE9;tico frente a los desaf&#xED;os de la tecnolog&#xED;a contempor&#xE1;nea. Asimismo, la obra aspira a que el estudiante adquiera un juicio cr&#xED;tico s&#xF3;lido, integrando el rigor de la evidencia cient&#xED;fica con la sensibilidad necesaria para el ejercicio profesional. Finalmente, se orienta a consolidar la formaci&#xF3;n de un m&#xE9;dico capaz de interpretar la realidad biopsicosocial del individuo en el contexto de su pr&#xE1;ctica cl&#xED;nica diaria.</subfield>
  </datafield>
  <datafield tag="650" ind1=" " ind2=" ">
    <subfield code="a">ntroducci&#xF3;n y Bases de la Pr&#xE1;ctica M&#xE9;dica</subfield>
    <subfield code="v">Sistema Respiratorio</subfield>
  </datafield>
  <datafield tag="651" ind1=" " ind2=" ">
    <subfield code="2">Semiolog&#xED;a General</subfield>
    <subfield code="v">Sistema Cardiovascular</subfield>
  </datafield>
  <datafield tag="654" ind1=" " ind2=" ">
    <subfield code="2">Sistema Digestivo</subfield>
    <subfield code="v">Sistema Nefrourol&#xF3;gico</subfield>
    <subfield code="x">Sistema Endocrino y Metabolismo:</subfield>
  </datafield>
  <datafield tag="655" ind1=" " ind2=" ">
    <subfield code="x">Sistema Hematopoy&#xE9;tico</subfield>
  </datafield>
  <datafield tag="700" ind1=" " ind2=" ">
    <subfield code="a">Horacio A. Argente y Marcelo E. &#xC1;lvarez.</subfield>
  </datafield>
  <datafield tag="942" ind1=" " ind2=" ">
    <subfield code="2">ddc</subfield>
    <subfield code="c">BK</subfield>
    <subfield code="n">0</subfield>
  </datafield>
  <datafield tag="952" ind1=" " ind2=" ">
    <subfield code="0">0</subfield>
    <subfield code="1">0</subfield>
    <subfield code="2">ddc</subfield>
    <subfield code="4">0</subfield>
    <subfield code="7">0</subfield>
    <subfield code="8">E03</subfield>
    <subfield code="a">ISUS</subfield>
    <subfield code="b">ISUS</subfield>
    <subfield code="c">Biblioteca Cerrada</subfield>
    <subfield code="d">2026-04-27</subfield>
    <subfield code="e">GUIA</subfield>
    <subfield code="f">0792</subfield>
    <subfield code="i">0792</subfield>
    <subfield code="l">0</subfield>
    <subfield code="o">SEMIOLOGIA </subfield>
    <subfield code="p">MEDI0792</subfield>
    <subfield code="r">2026-04-27 10:39:11</subfield>
    <subfield code="t">1</subfield>
    <subfield code="w">2026-04-27</subfield>
    <subfield code="y">BK</subfield>
  </datafield>
  <datafield tag="999" ind1=" " ind2=" ">
    <subfield code="c">2077</subfield>
    <subfield code="d">2077</subfield>
  </datafield>
</record>
